Statistics for 90 secs Countries of the World: by Country Transits Distance = 2, with an Empty Map

Click here to take the quiz!

General Stats

  • This quiz has been taken 1,083 times
  • The average score is 123 of 155

Answers on the Map

Answers color-coded by a green-red scale on the quiz's map according to % correct below.
 

Answer Stats

Country% Correct
Germany
97%
Iran
97%
Tajikistan
97%
Afghanistan
96%
Andorra
96%
Azerbaijan
96%
Georgia
96%
Kyrgyzstan
96%
Laos
96%
Poland
96%
Turkmenistan
96%
Ukraine
96%
Vietnam
96%
Monaco
95%
Pakistan
95%
Slovakia
95%
Spain
95%
Uzbekistan
95%
Belarus
94%
Czech Republic
94%
India
94%
Lithuania
94%
Morocco
94%
Romania
94%
Bhutan
93%
Burma
93%
Estonia
93%
France
93%
Hungary
93%
Kazakhstan
93%
Latvia
93%
Nepal
93%
South Korea
93%
Suriname
93%
Belgium
92%
Belize
92%
Brazil
92%
Italy
92%
Luxembourg
92%
Netherlands
92%
Russia
92%
South Sudan
92%
Turkey
92%
Venezuela
92%
Armenia
91%
Chad
91%
Finland
91%
Guyana
91%
Norway
91%
Sudan
91%
Thailand
91%
Colombia
90%
Ethiopia
90%
Guatemala
90%
Malawi
90%
Nigeria
90%
North Korea
90%
Peru
90%
Uruguay
90%
Cameroon
89%
Central African Republic
89%
El Salvador
89%
Moldova
89%
Mongolia
89%
Paraguay
89%
Tanzania
89%
Tunisia
89%
Zambia
89%
Algeria
88%
Egypt
88%
Honduras
88%
Switzerland
88%
Bangladesh
87%
Ecuador
87%
Mexico
87%
Canada
86%
China
86%
Mozambique
86%
Benin
85%
Bolivia
85%
Cambodia
85%
Eritrea
85%
Gabon
85%
Uganda
85%
Zimbabwe
85%
Angola
84%
Argentina
84%
Botswana
84%
Kenya
84%
Slovenia
84%
Sri Lanka
84%
Burkina Faso
83%
Burundi
83%
Democratic Republic of the Congo
83%
Namibia
83%
Panama
83%
Portugal
83%
Rwanda
83%
Libya
82%
Mauritania
82%
Niger
82%
Republic of the Congo
82%
Liechtenstein
81%
Mali
81%
Sweden
81%
Austria
80%
Equatorial Guinea
80%
Chile
79%
Jordan
79%
Syria
79%
Denmark
77%
Cote d'Ivoire
75%
Nicaragua
75%
Senegal
75%
Guinea
74%
Israel
73%
Ghana
72%
San Marino
72%
Vatican City
72%
United Kingdom
71%
Kuwait
70%
Togo
70%
United States
69%
Bulgaria
68%
Lebanon
68%
Iraq
67%
Saudi Arabia
66%
Swaziland
65%
Greece
63%
South Africa
63%
Croatia
58%
Serbia
58%
Brunei
56%
Costa Rica
56%
Liberia
55%
Guinea-Bissau
53%
Gambia
51%
Sierra Leone
50%
Somalia
50%
Djibouti
48%
Qatar
48%
Lesotho
45%
United Arab Emirates
45%
Macedonia
44%
Yemen
43%
Albania
42%
Oman
41%
Kosovo
38%
Montenegro
38%
Indonesia
37%
Malaysia
37%
Ireland
33%
East Timor
32%
Papua New Guinea
32%
Bosnia and Herzegovina
31%

Score Distribution

Percentile by Number Answered

Percent of People with Each Score

Your Score History

You have not taken this quiz